000 00683nam a2200229 4500
001 125783
003 ES-MaACL
005 20230906192710.0
007 t|
008 070214s1961 sp r ||||1| spa d
080 _a811.112.2(075.4)
100 1 _aRauter Schurian, Johann.
_995560
245 1 0 _aNuevo método de alemán
_b: curso elemental /
_cJohann Rauter Schurian.
250 _a9ª. ed.
260 _aBarcelona :
_bRauter,
_c1961.
300 _a168 p. ;
_c25 cm.
490 1 _aBiblioteca lingüística
650 0 4 _aLengua alemana-
_vMétodos.
_914086
830 0 _aBiblioteca lingüística
_9186663
852 _aES-MaACL
_jC-3895
_bR.47896
999 _c125783
_d125783